000 01075nam a2200289 i 4500
001 67487
003 ES-MaACL
005 20250924165237.0
007 t|
008 040601s2000 sp ||||0| spa d
020 _a84-8164-304-1
040 _aM-BN
_bspa
_cM-BN
080 _a929 Jung, C. G.(047.53)
245 0 0 _aEncuentros con Jung /
_cedición de William McGuire y R.F.C. Hull ; traducción de Román Escohotado ; revisión técnica de Enrique Galán.
260 _aMadrid :
_bTrotta,
_c[2000]
300 _a449 p. ;
_c23 cm.
490 1 _aColección Estructuras y procesos. Serie Pensamiento, psicopatología y psiquiatría
600 1 4 _aJung, Carl G.,
_d1875-1961-
_vEntrevistas
_967283
700 1 _aMcGuire, William.
_979577
700 1 _aHull, R. F. C.
_964694
700 1 _aEscohotado, Román,
_d1908-1970
_947584
700 1 _aGalán, Enrique.
_953287
830 0 0 _aEstructuras y procesos.
_pPensamiento, psicopatología y psiquiatría
_9179752
852 _aES-MaACL
_jL-27766
_bR.133515
999 _c67487
_d67487